[Event "NZL-ch U10/20"]
[Site "Tauranga"]
[Date "2020.01.15"]
[Round "1"]
[White "Deng, Abraham"]
[Black "Gan, Emily Cathay"]
[Result "1-0"]
[WhiteElo "1558"]
[BlackElo "1350"]
[PlyCount "59"]
[EventDate "2020.01.15"]
[EventType "swiss"]
[EventRounds "6"]
[EventCountry "NZL"]
[SourceTitle "EXT 2023"]
[Source "ChessBase"]
[SourceDate "2022.10.05"]
[SourceVersion "1"]
[SourceVersionDate "2022.10.05"]
[SourceQuality "1"]

1. e4 d5 2. exd5 Nf6 3. d4 Nxd5 4. Nf3 Bf5 5. c4 Nf6 6. Nc3 e6 7. Bd3 Bxd3 8. Qxd3 Bd6 9. 0-0 0-0 10. Bg5 Be7 11. Rfe1 Nfd7 12. Bf4 Bf6 13. Rad1 Re8 14. Nb5 e5 15. dxe5 Be7 16. e6 Nc5 17. exf7+ Kxf7 18. Qf5+ Kg8 19. Rxd8 Rxd8 20. Nxc7 Nc6 21. Nxa8 Rxa8 22. Rxe7 Nxe7 23. Qxc5 Nc6 24. Qd5+ Kh8 25. Ng5 g6 26. Nf7+ Kg7 27. Bh6+ Kg8 28. Ng5+ Kh8 29. Qf7 Rg8 30. Qxh7# 1-0

[Event "George Trundle Talents"]
[Site "Auckland"]
[Date "2018.07.15"]
[Round "9"]
[White "Gao, Hugh Zihuai"]
[Black "Deng, Abraham"]
[Result "1/2-1/2"]
[WhiteElo "1360"]
[BlackElo "1396"]
[PlyCount "53"]
[EventDate "2018.07.07"]
[EventType "tourn"]
[EventRounds "9"]
[EventCountry "NZL"]
[SourceTitle "EXT 2019"]
[Source "ChessBase"]
[SourceDate "2018.10.10"]
[SourceVersion "1"]
[SourceVersionDate "2018.10.10"]
[SourceQuality "1"]

1. e4 c5 2. Nc3 a6 3. a4 b6 4. f4 Bb7 5. Nf3 e6 6. g3 g6 7. Bg2 Bg7 8. d3 Ne7 9. 0-0 0-0 10. Qe1 d6 11. Qf2 Nd7 12. Ne2 Qc7 13. Re1 b5 14. axb5 axb5 15. Rxa8 Rxa8 16. c3 Ra2 17. Nd2 Qa5 18. d4 b4 19. dxc5 Nxc5 20. cxb4 Qxb4 21. Qe3 Bxb2 22. Bxb2 Rxb2 23. Rd1 d5 24. Qc3 Qxc3 25. Nxc3 Rc2 26. Nb5 Bc6 27. Nd4 1/2-1/2

[Event "George Trundle Talents"]
[Site "Auckland"]
[Date "2018.07.11"]
[Round "5"]
[White "Ning, Isabelle Yixuan"]
[Black "Deng, Abraham"]
[Result "0-1"]
[WhiteElo "1276"]
[BlackElo "1396"]
[PlyCount "96"]
[EventDate "2018.07.07"]
[EventType "tourn"]
[EventRounds "9"]
[EventCountry "NZL"]
[SourceTitle "EXT 2019"]
[Source "ChessBase"]
[SourceDate "2018.10.10"]
[SourceVersion "1"]
[SourceVersionDate "2018.10.10"]
[SourceQuality "1"]

1. d4 Nf6 2. Bf4 e6 3. Nf3 d5 4. e3 c5 5. c3 Nc6 6. Nbd2 cxd4 7. exd4 Nh5 8. Bg3 g6 9. Be2 f6 10. Qc2 Nxg3 11. hxg3 e5 12. dxe5 fxe5 13. Bb5 Bg7 14. Rxh7 Bf5 15. Rxh8+ Bxh8 16. Qb3 a6 17. Bxc6+ bxc6 18. 0-0-0 Rb8 19. Qa4 Qb6 20. Qb3 Qc7 21. Qa3 Qb6 22. Rh1 Bf6 23. Re1 e4 24. Qb3 Qa7 25. Qa4 Qb6 26. Nb3 Kf7 27. Nfd4 Rb7 28. Nxf5 gxf5 29. Rh1 Kg6 30. Kd1 Re7 31. f3 exf3 32. gxf3 Qf2 33. Nd2 Re2 34. Qf4 Rxd2+ 35. Qxd2 Qxf3+ 36. Qe2 Qxh1+ 37. Kc2 Qe4+ 38. Qxe4 dxe4 39. Kd2 Be5 40. g4 Bf4+ 41. Ke2 fxg4 42. Kf2 g3+ 43. Kg2 Kf5 44. a4 Kg4 45. c4 c5 46. b3 e3 47. Kf1 Kf3 48. a5 g2+ 0-1

[Event "George Trundle Talents"]
[Site "Auckland"]
[Date "2018.07.10"]
[Round "4"]
[White "Deng, Abraham"]
[Black "Jain, Uday"]
[Result "0-1"]
[WhiteElo "1396"]
[BlackElo "1354"]
[PlyCount "122"]
[EventDate "2018.07.07"]
[EventType "tourn"]
[EventRounds "9"]
[EventCountry "NZL"]
[SourceTitle "EXT 2019"]
[Source "ChessBase"]
[SourceDate "2018.10.10"]
[SourceVersion "1"]
[SourceVersionDate "2018.10.10"]
[SourceQuality "1"]

1. e4 c5 2. Nf3 g6 3. d4 cxd4 4. Qxd4 Nf6 5. e5 Nc6 6. Qa4 Nd5 7. Qe4 Nb6 8. Nc3 d6 9. Bb5 d5 10. Qe2 Bg7 11. Bf4 d4 12. 0-0-0 0-0 13. Bxc6 bxc6 14. Nxd4 Qc7 15. Qe4 Bb7 16. e6 c5 17. exf7+ Rxf7 18. Bxc7 Bxe4 19. Nxe4 cxd4 20. Bg3 Nc4 21. Ng5 Rf5 22. Ne6 Bh6+ 23. Kb1 Rb5 24. b3 Na3+ 25. Kb2 Nc4+ 26. Ka1 Na3 27. Nxd4 Bg7 28. c3 Bxd4 29. cxd4 Rc8 30. Rd2 a5 31. Rhd1 a4 32. bxa4 Rb4 33. Rb2 Nc2+ 34. Kb1 Na3+ 35. Ka1 Nc2+ 36. Kb1 Na3+ 37. Ka1 Rxd4 38. Rh1 Rdc4 39. Rb8 Rxb8 40. Bxb8 Rb4 41. Rc1 Rxb8 42. f3 Kf7 43. g3 Ke6 44. a5 Kd5 45. a6 Kd4 46. a7 Ra8 47. Rc7 Nb5 48. Rb7 Kc4 49. Rxe7 Rxa7 50. Rxa7 Nxa7 51. f4 Nc6 52. a4 Kb4 53. g4 Kc4 54. Kb2 Nd4 55. h4 Kb4 56. f5 gxf5 57. g5 Nf3 58. h5 Nxg5 59. Kc2 h6 60. Kd3 f4 61. Ke2 Kxa4 0-1